1385 1394 1320 1979 1182 1645 1219 1439 1706 1030 1850 1964 1938 1014 1453 1414 1121 1828 1271 1432 1747 1488 1874 1264 1301 1488 1127 1850 1673 1398 1090 1965 1621 1653 1597 1345 1163 1310 1760 1616 1868 1212 1555 1061 1925 1354 1272 1227 1109 1785 1967 1050 1964 1166 1935 1784 1886 1798 1057 1669 1319 1999 1341 1484 1106 1157 1399 1201 1568 1085 1149 1304 1866 1476 1962 1906 1167 1872 1128 1960 1626 1307 1324 1388 1876 1394 1343 1060 1801 1131 1681 1043 1940 1356 1272 1303 1431 1923 1118 BCNSPRNW ULIB Ver.6.0+V

เปลี่ยนเป็นภาษาไทย

Change to English
 แสดงรายละเอียดบรรณานุกรม
  กลับหน้าหลัก

Brief Record : Get Marc (ISO 2709) : E-mail record : QR code < ปิดหน้าต่าง
LEADER : 00000nam 2200000uu 4500
001    13399111454
003     ULIB
008    110627s2553||||th 000 0 tha d
020    9786167346007
090    นว.^bK725ค 2553
100 0  Kula
245 00 ครัวกระจุย...ตะลุยรัก /^c เขียนโดย Kula
260    กรุงเทพฯ:^bเพชรประกาย,^c2553
300    208 หน้า
945    ^p0^l0^i17067
995    กัณชพร
999 ^a ใช้งานได้ทุกระบบ
รายการนี้ยังไม่มีแท็ก
คุณยังไม่ได้ล็อกอิน คุณสามารถมีกิจกรรมร่วมกับเว็บไซต์ได้ แต่ต้องล็อกอินก่อน ::
  ล็อกอิน

รายการสื่อสารสนเทศ

ลำดับที่ ประเภท เลขเรียก/บาร์โค้ด สถานที่ สถานะ
1. นวนิยาย
นวนิยาย
นว. K725ค 2553  
  Barcode: 17067
ห้องสมุดวิทยาเขตสวรรค์ประชารักษ์
►นวนิยาย
บนชั้น
  ขอยืม

BibComment


ยังไม่เคยถูกคอมเมนท์

คอมเมนท์ทรัพยากรรายการนี้
  คอมเมนท์: ครัวกระจุยตะลุยรั..


 Copyright 2026. Bcnsprnw @Library